Plantilla Valencia CF 2024/2025 - Estadísticas

Estadísticas generales
  • Esta prueba ha sido intentada 86 veces
  • La puntuación promedio es 19 de 25
Estadísticas de respuestas
Jugador % Correcto
José Luis Gayà
97%
Hugo Duro
96%
Javi Guerra
92%
Mamardashvili
92%
Dimitri Foulquier
90%
Mosquera
89%
Diego López
87%
César Tárrega
86%
Diakhaby
82%
Dimitrievski
80%
Umar Sadiq
80%
Thierry Correia
79%
Yarek
79%
André Almeida
75%
Jaume Doménech
75%
Pepelu
75%
Jesús Vázquez
73%
Enzo Barrenechea
70%
Rafa Mir
70%
Fran Pérez
68%
Luis Rioja
63%
Sergi Canós
58%
Hugo Guillamón
55%
Max Aarons
49%
Iván Jaime
37%
No se encontraron pruebas coincidentes
Distribución de puntuación
Porcentaje de gente con cada puntuación
Porcentaje por número respondido
Historial de tus puntuaciones
No has intentado esta prueba.